(Record no. 188221)

MARC details
000 -LEADER
fixed length control field 00528nam a2200145Ia 4500
041 ## - LANGUAGE CODE
Language code of text/sound track or separate title Arabic
082 ## - DEWEY DECIMAL CLASSIFICATION NUMBER
Classification number 345 cut-269 ق
100 ## - MAIN ENTRY--PERSONAL NAME
Personal name 20260118u\\\\\\\\\\\y0engy0103\\\\ba
Personal name د.محمد محمد مصباح القاضي
245 #0 - TITLE STATEMENT
Title الحماية الجنائية للمستهلك دراسة مقارنة وتطبيقاتها في المملكة العربية السعودية
250 ## - EDITION STATEMENT
Edition statement ط1
260 ## - PUBLICATION, DISTRIBUTION, ETC. (IMPRINT)
Name of publisher, distributor, etc دار النهضة العربية
Place of publication, distribution, etc القاهرة - مصر
Date of publication, distribution, etc 2008
300 ## - PHYSICAL DESCRIPTION
Extent 284
942 ## - ADDED ENTRY ELEMENTS (KOHA)
Koha item type Books
Holdings
Withdrawn status Lost status Damaged status Not for loan Collection code Home library Current library Shelving location Date acquired Total Checkouts Full call number Barcode Date last seen Copy number Price effective from Koha item type
          Koya University Central Library Koya University Central Library Books 18/01/2026   345 cut-269 ق 0000091857 18/01/2026 1 18/01/2026 Books